[Event "Tainan CTCA op"]
[Site "Tainan"]
[Date "2023.08.18"]
[Round "7"]
[White "Wang, Hsi Hao"]
[Black "Wong, Linda Jane"]
[Result "1/2-1/2"]
[WhiteElo "1237"]
[BlackElo "1446"]
[PlyCount "50"]
[EventDate "2023.08.14"]
[EventType "swiss"]
[EventRounds "9"]
[EventCountry "TPE"]
[SourceTitle "EXT 2024"]
[Source "ChessBase"]
[SourceDate "2023.10.10"]
[SourceVersion "1"]
[SourceVersionDate "2023.10.10"]
[SourceQuality "1"]

1. e4 e6 2. d4 d5 3. exd5 exd5 4. c3 Nc6 5. Bd3 Bd6 6. Ne2 Qf6 7. Be3 Nge7 8. 0-0 0-0 9. Nd2 Bg4 10. f3 Bf5 11. Qc2 Bxd3 12. Qxd3 Nf5 13. Bf4 Rad8 14. Qb5 Bxf4 15. Nxf4 Ne3 16. Nd3 Nxf1 17. Kxf1 Qh6 18. Nb3 Rfe8 19. Qxb7 Na5 20. Nxa5 Qe3 21. Ne5 f6 22. Nec6 Qe2+ 23. Kg1 Qe3+ 24. Kf1 Qe2+ 25. Kg1 Qe3+ 1/2-1/2

[Event "Hong Kong Jolimark op"]
[Site "Hong Kong"]
[Date "2017.12.26"]
[Round "8"]
[White "Wong, Linda Jane"]
[Black "Heng, Cho Yaw"]
[Result "0-1"]
[WhiteElo "1410"]
[BlackElo "1445"]
[PlyCount "158"]
[EventDate "2017.12.23"]
[EventType "swiss"]
[EventRounds "9"]
[EventCountry "HKG"]
[SourceTitle "CBM 182 Extra"]
[Source "ChessBase"]
[SourceDate "2018.02.23"]
[SourceVersion "1"]
[SourceVersionDate "2018.02.23"]
[SourceQuality "1"]

1. e4 e5 2. Nf3 Nc6 3. d4 exd4 4. Nxd4 Bc5 5. Be3 Qf6 6. c3 Nge7 7. Bc4 d6 8. 0-0 0-0 9. b4 Bb6 10. a4 a6 11. a5 Ba7 12. Na3 Qg6 13. Nxc6 Nxc6 14. Bxa7 Rxa7 15. Re1 Ne5 16. Bf1 Bg4 17. Be2 Bxe2 18. Qxe2 f5 19. f4 Nf7 20. exf5 Qxf5 21. Qe4 Qf6 22. Re3 Ne5 23. Qd5+ Kh8 24. Rf1 c6 25. Qd1 Ng6 26. Nc4 Raa8 27. f5 Ne5 28. Nxe5 dxe5 29. Qd7 Rf7 30. Qe6 Re7 31. Qxf6 gxf6 32. Rd1 Rae8 33. Rd6 Rf7 34. Kf2 Rg8 35. Red3 h5 36. Rd7 Rgg7 37. Rd8+ Kh7 38. Re8 Rg5 39. Rdd8 Rxf5+ 40. Ke3 Rg7 41. Rh8+ Kg6 42. g3 Rg5 43. Kf3 Rg4 44. Ke3 Rg5 45. Kf3 Rg4 46. Ke3 Rg5 47. Kf3 Kf5 48. Rd6 e4+ 49. Ke3 Ke5 50. Rd4 f5 51. Re8+ Kf6 52. Rd6+ Kf7 53. Red8 R5g6 54. R6d7+ Ke6 55. Rd6+ Ke5 56. Rd4 Re6 57. c4 Rh7 58. Rg8 h4 59. Rg5 hxg3 60. hxg3 Kf6 61. Rg8 Ree7 62. Rd6+ Ke5 63. Rdg6 Rh3 64. Rg5 Rxg3+ 65. Rxg3 f4+ 66. Ke2 fxg3 67. Rxg3 Kd4 68. b5 axb5 69. cxb5 cxb5 70. Rg1 b4 71. Rb1 Kc3 72. Ke3 b3 73. Rf1 b2 74. Rg1 Kc2 75. Rg2+ Kb1 76. Rg1+ Ka2 77. Rg2 Ka1 78. Rg1+ b1Q 79. Rxb1+ Kxb1 0-1

[Event "Olympiad Women-42"]
[Site "Baku"]
[Date "2016.09.10"]
[Round "8.4"]
[White "Wong, Linda Jane"]
[Black "Sivarajasingam, Venetia"]
[Result "0-1"]
[WhiteElo "1351"]
[BlackElo "1631"]
[PlyCount "56"]
[EventDate "2016.09.02"]
[EventType "team-swiss"]
[EventRounds "11"]
[EventCountry "AZE"]
[SourceTitle "CBM 174 Extra"]
[Source "ChessBase"]
[SourceDate "2016.10.10"]
[SourceVersion "1"]
[SourceVersionDate "2016.10.10"]
[SourceQuality "1"]
[WhiteTeam "Chinese Taipei (W)"]
[BlackTeam "Wales (W)"]
[WhiteTeamCountry "TPE"]
[BlackTeamCountry "WLS"]

1. d4 d5 2. Nc3 Nf6 3. Bg5 Bf5 4. Nf3 e6 5. e3 Be7 6. Bxf6 Bxf6 7. Bd3 Bg6 8. Ne5 Bxe5 9. dxe5 Qg5 10. 0-0 Qxe5 11. Nb5 a6 12. Nd4 c5 13. Nf3 Qc7 14. h3 Nc6 15. Re1 Ne5 16. Bxg6 hxg6 17. Nxe5 Qxe5 18. c3 g5 19. g3 Rxh3 20. Qg4 Rh6 21. Qa4+ Ke7 22. Qb3 b5 23. Qa3 Qe4 24. Qxc5+ Kd7 25. Kf1 Rh1+ 26. Ke2 Qc2+ 27. Kf3 g4+ 28. Kxg4 Qf5# 0-1